| 000 -LEADER |
| fixed length control field |
01294nam a2200205Ia 4500 |
| 001 - CONTROL NUMBER |
| control field |
15607 |
| 003 - CONTROL NUMBER IDENTIFIER |
| control field |
GE_BSU |
| 008 - FIXED-LENGTH DATA ELEMENTS--GENERAL INFORMATION |
| fixed length control field |
181216s||||||||xx |||||||||||||| ||und|| |
| 040 ## - CATALOGING SOURCE |
| Transcribing agency |
GE_BSU |
| 080 ## - UNIVERSAL DECIMAL CLASSIFICATION NUMBER |
| Universal Decimal Classification number |
341.983(47+57) + 94(47+57)"1941-1945" + 355.40 |
| 245 ## - TITLE STATEMENT |
| Title |
გარდაუვალი შურისძიება: სამშობლოს მოღალატეთა ფაშისტ ჯალათთა და იმპერიალისტური დაზვერვის აგენტთა სასამართლო პროცესების მიხედვით |
| 245 ## - TITLE STATEMENT |
| Statement of responsibility, etc. |
[თარგმნა ი. იაშვილმა].რედ. ე. დავითაძე. მხატვ.ჯ.მიქელაძე |
| 260 ## - PUBLICATION, DISTRIBUTION, ETC. |
| Place of publication, distribution, etc. |
ბათუმი |
| 260 ## - PUBLICATION, DISTRIBUTION, ETC. |
| Name of publisher, distributor, etc. |
საბჭ. აჭარა |
| 260 ## - PUBLICATION, DISTRIBUTION, ETC. |
| Date of publication, distribution, etc. |
1976 |
| 300 ## - PHYSICAL DESCRIPTION |
| Extent |
135გვ. ; 21სმ |
| 653 ## - INDEX TERM--UNCONTROLLED |
| Uncontrolled term |
გარდაუვალი შურისძიება |
| 653 ## - INDEX TERM--UNCONTROLLED |
| Uncontrolled term |
სამშობლოს მოღალატეთა ფაშისტ ჯალათთა და იმპერიალისტური დაზვერვის აგენტთა სასამართლო პროცესების მიხედვით |
| 942 ## - ADDED ENTRY ELEMENTS (KOHA) |
| Koha item type |
წიგნი |